Guía técnica Feria del Deporte

I tiakina i:
Ngā taipitopito rārangi puna kōrero
Kaituhi rangatōpū: Feria del Deporte (Author)
Hōputu: Pukapuka
Reo:Pāniora
I whakaputaina: Santiago Feria del Deporte 1960
Ngā marau:
Ngā Tūtohu: Tāpirihia he Tūtohu
Kāore He Tūtohu, Me noho koe te mea tuatahi ki te tūtohu i tēnei pūkete!

MARC

LEADER 00000nam a2200000 a 4500
001 UCI6834
003 CL-VaPUC
008 080530e19600000CL |||||||||||||||||spa|d
082 0 4 |a 796  |b FER  |2 21 
110 2 |a Feria del Deporte  |e author  |9 529843 
245 1 0 |a Guía técnica Feria del Deporte 
300 |a 95 p 
942 |c BK 
945 |d 20080530 00:00:00  |a rbrito 
260 |a Santiago  |b Feria del Deporte  |c 1960 
500 |a Donación Padres Capuchinos 
650 0 |a Deportes  |9 224367 
650 7 |a IMPLEMENTACION DEPORTIVA  |2 CL-VaPUC  |9 529844 
583 |a last modification  |c 20080530 00:00:00  |k Rodrigo Vera 
999 |c 330282  |d 330280 
952 |0 0  |1 0  |4 0  |6 796_000000000000000_FER_1960  |7 0  |8 X  |9 415771  |a FDOBUD  |b FDOBUD  |d 2019-11-22  |i 4443888  |o 796 FER 1960  |p 4443888  |r 2019-11-22  |w 2019-11-22  |y BK_X  |k BUD